|
|
|
|
| LEADER |
00000nam a2200000 a 4500 |
| 001 |
vtls001086643 |
| 003 |
SK-MaSNL |
| 005 |
20260301062339.0 |
| 008 |
250414s1985 xo 0 slo |
| 015 |
|
|
|a SNBA1986/01
|
| 035 |
|
|
|a SNK000029483
|
| 040 |
|
|
|a SNK
|b slo
|c SNK
|e AACR2
|
| 041 |
0 |
|
|a slo
|
| 044 |
|
|
|a xo
|c SK
|
| 080 |
|
|
|a 885.4-3(087.5)
|2 1981
|
| 100 |
1 |
|
|a Gašparová, Eleonóra,
|d 1925-2010
|4 aut
|9 102413
|
| 245 |
1 |
0 |
|a Bosé nôžky
|c Eleonóra Gašparová ; Svetozár Mydlo
|
| 250 |
|
|
|a 1. vyd.
|
| 260 |
|
|
|a Bratislava
|b Mladé letá
|c 1985
|e Banská Bystrica
|f Tlačiarne SNP
|
| 300 |
|
|
|a 60 s., 4,11 AH
|c 20 cm
|
| 366 |
|
|
|e 16000 výtl.
|
| 500 |
|
|
|a Ilustr. na front. Pre najmenších. Mimo edície.
|
| 700 |
1 |
|
|a Mydlo, Svetozár,
|d 1948-2014
|4 bkd
|9 164643
|
| 852 |
|
|
|a Slovenská národná knižnica
|
| 954 |
|
|
|a príbehy o deťoch
|
| 958 |
|
|
|a OND
|
| 958 |
|
|
|a LX
|
| 958 |
|
|
|a TL
|
| 999 |
|
|
|c 620320
|d 622250
|
| 952 |
|
|
|t P60, <05>, [BOOK], {605}
|a SNK
|b SNK
|y PREZ
|7 0
|p 17A0152578
|o snkSC 64917 D1
|0 0
|1 0
|4 0
|d 2001-06-04
|l 0
|r 2004-12-31 00:00:00
|w 2026-02-23
|
| 952 |
|
|
|a SNK
|b SNK
|y PREZ
|7 0
|p 17A0916621
|o snkSC 64917
|0 0
|1 0
|4 0
|d 2012-08-07
|l 0
|r 2025-07-03 00:00:00
|w 2026-02-23
|